UK Political Party Leaders - Statistics

General Stats
  • This quiz has been taken 191 times
    152 since last reset
  • The average score is 23 of 49
Answer Stats
Answer % Correct
David Cameron
98%
Theresa May
98%
Jeremy Corbyn
94%
Tony Blair
94%
Margaret Thatcher
88%
Gordon Brown
87%
John Major
84%
Nigel Farage
83%
Winston Churchill
82%
Nicola Sturgeon
77%
Ed Miliband
75%
Nick Clegg
70%
Iain Duncan Smith
68%
John Smith
66%
Clement Attlee
65%
Edward Heath
65%
Gordon Wilson
63%
Harold Wilson
62%
Alex Salmond
57%
James Callaghan
57%
Neil Kinnock
56%
Vince Cable
54%
Anthony Eden
52%
Alec Douglas-Home
48%
Caroline Lucas
48%
Tim Farron
48%
Michael Foot
47%
Harold Macmillan
46%
Michael Howard
46%
William Hague
46%
Paddy Ashdown
40%
Charles Kennedy
28%
Hugh Gaitskell
25%
Paul Nuttall
23%
Menzies Campbell
21%
Jeremy Thorpe
19%
David Steel
18%
Natalie Bennett
14%
Jonathan Bartley
12%
John Swinney
9%
Clement Davies
7%
Jo Grimond
7%
Malcolm Pearson
5%
William Wolfe
2%
Arthur Donaldson
1%
Robert McIntyre
1%
Roger Knapman
1%
Bruce Watson
0%
James Halliday
0%
No matching quizzes found
Score Distribution
Percent of People with Each Score
Percentile by Number Answered
Your Score History
You have not taken this quiz since the last reset